Statistics for Top Countries for Dried Fruit Production

Click here to take the quiz!

General Stats

  • This quiz has been taken 57 times
  • The average score is 19 of 23

Answer Stats

% world productionAnswer% Correct
12China
94%
9China
94%
29Iran
92%
11Iran
92%
17Iran
92%
13Iran
92%
56Turkey
92%
12Turkey
92%
24Turkey
92%
21United States
92%
3United States
92%
8United States
92%
10India
90%
3Italy
88%
16Egypt
85%
6Greece
85%
5Spain
83%
9Algeria
79%
10Pakistan
75%
17Saudi Arabia
75%
3South Africa
46%
5Chile
42%
14UAE
38%

Score Distribution

Percentile by Number Answered

Percent of People with Each Score

Your Score History

You have not taken this quiz